000 00474nam a2200205Ia 4500
008 170918s9999 xx 000 0 und d
020 _a9780545200240
050 _bM643pu 2010
100 _aMiles, Ellen
245 _aChewy and Chica /
245 _cby Ellen Miles.
260 _aNew York :
260 _bScholastic,
260 _c2010
300 _a132 pages :
300 _billustrations ;
300 _c19cm.
300 _eThe Puppy place.
500 _a700
999 _c343776
_d343776